| 000 | 00727nam a2200181 a 4500 | ||
|---|---|---|---|
| 001 | BRCA_2100 | ||
| 005 | 20190320203653.0 | ||
| 008 | 110808s1991----mx-#---###---#000-0#spa-# | ||
| 050 | 4 |
_aF1391.P8 _b.L43 42 _c1991 |
|
| 100 | 1 |
_aMeade de Angulo, Mercedes _9281 |
|
| 245 | 1 | 0 |
_aMéxico en 1827 _bsegunda visita a México en 1825 Estado de Puebla, H.G. Ward _cselección y prólogo Mercedes Meade de Angulo. |
| 260 |
_aPuebla, México _bGobierno del Estado de Puebla : Secretaría de Cultura : Comisión Puebla V Centenario _c1991 |
||
| 300 |
_a27 cm. _c21 cm. |
||
| 440 | 0 |
_aLecturas Históricas de Puebla _n42 _96373 |
|
| 651 | 4 |
_aPuebla (México) _xHistoria _y1925 _96374 |
|
| 653 | 0 | _aViajeros extranjeros en México | |
| 942 |
_2lcc _cB |
||
| 999 |
_c1857 _d1857 |
||